000 00848nam a2200265Ia 4500
003 OSt
005 20220926015355.0
006 a|||||r|||| 00| 0
007 ta
008 220923b |||||||| |||| 00| 0 eng d
020 _c
_2250
037 _b34003, 06/11/1987, IBD
_cGeneral Book
040 _aRTL
_cRTL
_beng
041 _2eng
_aeng
082 _aX9(M7).1(X).N8, M7
100 _aPack Howard Au.
_9322091
245 0 _aProductivity technology and industrial development
260 _aNew York
_bOxford University Press USA
_c1987
300 _ax,193p
_ccm.
490 _aWorld Bank Research Publicaiton
500 _aBibliography P 179-86; Appendix P 60-63
650 _aTextile Industry
_9185820
942 _hX9(M7).1(X).N8, M7
_cGB
_2CC
999 _c631315
_d631315